00555 2200217 4500001002100000005001500021035002000036007000300056008004100059020002200100082000800122084001400130100002200144245005700166250001100223260003600234300002800270990001300298990001300311990001300324INLIS00000000000835620251217113105 a0010-0322000375ta251217 g 0 ind  a978-602-391-968-0 a297 a297 NUR e0 aNur Khalik Ridwan1 aENSIKLOPEDIA KHITTAH NU JILID 2 /cNur Khalik Ridwan acet. 1 aYogyakarta :bDIVA Press,c2020 a468 hlm ;c15.5 x 24 cm a022.7546 a022.7545 a022.7544